PURSUIT OF ATTENTION (Record no. 22656)
[ view plain ]
| 000 -LEADER | |
|---|---|
| fixed length control field | 00348nam a2200145Ia 4500 |
| 008 - FIXED-LENGTH DATA ELEMENTS--GENERAL INFORMATION | |
| fixed length control field | 240624s9999 xx 000 0 und d |
| 041 ## - LANGUAGE CODE | |
| Language code of text/sound track or separate title | eng |
| 082 ## - DEWEY DECIMAL CLASSIFICATION NUMBER | |
| Classification number | 302 DER |
| 100 ## - MAIN ENTRY--PERSONAL NAME | |
| Personal name | DERBER CHARLES |
| 245 ## - TITLE STATEMENT | |
| Title | PURSUIT OF ATTENTION |
| 250 ## - EDITION STATEMENT | |
| Edition statement | (2nd ed.) |
| 260 ## - PUBLICATION, DISTRIBUTION, ETC. | |
| Date of publication, distribution, etc. | 2000 |
| Place of publication, distribution, etc. | New York |
| Name of publisher, distributor, etc. | Oxford University Press |
| 300 ## - PHYSICAL DESCRIPTION | |
| Extent | 160 : p. |
| 365 ## - TRADE PRICE | |
| Currency code | |
| Price amount | 29 |
| Withdrawn status | Lost status | Damaged status | Not for loan | Home library | Current library | Shelving location | Date acquired | Source of acquisition | Cost, normal purchase price | Total Checkouts | Full call number | Barcode | Date last seen | Date last checked out | Copy number | Price effective from | Koha item type |
|---|---|---|---|---|---|---|---|---|---|---|---|---|---|---|---|---|---|
| IMTN | IMTN | Rack 5-A | 04/03/2014 | AP | 19.99 | 2 | 302 DER | 22656 | 07/18/2025 | 07/03/2025 | 65.6 | 06/24/2024 | Books |